Provincias de España por PIB - Estadísticas

Estadísticas generales
  • Esta prueba ha sido intentada 202 veces
  • La puntuación promedio es 28 de 50
Estadísticas de respuestas
PIB (miles de Euros) Inicial Provincia % Correcto
186.671.422 M Madrid
100%
146.368.312 B Barcelona
99%
53.364.782 V Valencia
99%
35.352.621 S Sevilla
96%
34.321.944 A Alicante
87%
27.382.809 M Málaga
83%
24.048.843 Z Zaragoza
81%
33.027.203 V Vizcaya
80%
26.995.450 M Murcia
69%
26.130.320 I Islas Baleares
64%
2.039.271 S Soria
62%
23.274.472 A A Coruña
60%
20.178.923 T Tarragona
60%
3.655.724 Z Zamora
60%
3.555.183 T Teruel
58%
22.905.655 A Asturias
57%
3.983.588 P Palencia
57%
3.330.749 Á Ávila
56%
21.697.500 G Guipúzcoa
55%
5.227.044 H Huesca
55%
9.959.624 J Jaén
54%
22.457.258 L Las Palmas
54%
5.614.920 O Ourense
54%
9.391.749 H Huelva
52%
11.719.314 T Toledo
52%
10.337.599 Á Álava
51%
6.487.213 L Lugo
51%
22.068.861 C Cádiz
50%
19.188.253 G Girona
50%
17.722.300 N Navarra
50%
18.696.160 P Pontevedra
50%
3.836.006 C Cuenca
48%
3.795.363 S Segovia
48%
12.984.278 V Valladolid
48%
15.045.170 G Granada
46%
6.689.622 C Cáceres
45%
4.292.009 G Guadalajara
45%
10.702.067 B Badajoz
44%
13.855.766 C Castellón
44%
13.871.424 A Almería
43%
11.383.289 L Lleida
43%
6.725.036 S Salamanca
43%
9.121.215 C Ciudad Real
42%
12.733.186 C Córdoba
42%
9.616.556 B Burgos
40%
19.348.382 S Santa Cruz de Tenerife
40%
10.262.109 L León
39%
6.521.852 A Albacete
38%
13.336.874 C Cantabria
38%
7.731.168 L La Rioja
36%
No se encontraron pruebas coincidentes
Distribución de puntuación
Porcentaje de gente con cada puntuación
Porcentaje por número respondido
Historial de tus puntuaciones
No has intentado esta prueba.